Library Banner

Research journal social sciences(Jan-June 2010 Vol: 2 Issue 5)/ (Record no. 109745)

MARC details
000 -LEADER
fixed length control field 00399nam a22001337a 4500
005 - DATE AND TIME OF LATEST TRANSACTION
control field 20181221121009.0
008 - FIXED-LENGTH DATA ELEMENTS--GENERAL INFORMATION
fixed length control field 181221b ||||| |||| 00| 0 eng d
022 ## - INTERNATIONAL STANDARD SERIAL NUMBER
International Standard Serial Number 16847334
040 ## - CATALOGING SOURCE
Transcribing agency PK-LaUMT
082 ## - DEWEY DECIMAL CLASSIFICATION NUMBER
Classification number RHC 300.05
Item number RES-
245 ## - TITLE STATEMENT
Title Research journal social sciences(Jan-June 2010 Vol: 2 Issue 5)/
Statement of responsibility, etc Muhammad Ishaq(edi)
260 ## - PUBLICATION, DISTRIBUTION, ETC. (IMPRINT)
Place of publication, distribution, etc Karachi;
Name of publisher, distributor, etc Islamic research academy
Date of publication, distribution, etc 2010
942 ## - ADDED ENTRY ELEMENTS (KOHA)
Koha item type Books
Holdings
Withdrawn status Lost status Damaged status Home library Current library Date acquired Full call number Barcode Date last seen Price effective from Koha item type
      UMT Main Campus UMT Main Campus 2018-12-21 RHC 300.05 RES- 127172 2018-12-21 2018-12-21 Books